La caricatura política argentina : antología /

Guardado en:
Formato: Libro
Publicado: Buenos Aires : Editorial Universitaria de Buenos Aires, 1963
Edición:2a. ed.
Series:Siglo y medio; no. 19
Materias:
Etiquetas: Agregar Etiqueta
Sin Etiquetas, Sea el primero en etiquetar este registro!
LEADER 00783nam a22002295a 4500
001 CEM.cems000230
005 20060209000000.0
008 130507s1963##################000#0#####d
003 CEMS
082 0 4 |a 982.05 
245 0 0 |a La caricatura política argentina :  |b antología /  |c Selección y Presentación de Amadeo Dell´acqua 
250 |a 2a. ed. 
260 |a Buenos Aires :  |b Editorial Universitaria de Buenos Aires,  |c 1963 
300 |a 149 p. 
490 0 |a Siglo y medio; no. 19 
500 |a Edición de homenaje a la Revolución de Mayo en su 150 aniversario 
653 |a Historia 
653 |a Historia argentina 
653 |a Caricatura 
653 |a Caricatura argentina política 
653 |a Humor político 
859 |a CEMS  |b BIB. CEMS - 11 de abril  |h 982.05  |i C191a2  |p 13353.85  |t Ej.1